[Event "GBR-ch Major 105th"]
[Site "Hull"]
[Date "2018.07.30"]
[Round "3"]
[White "Jamroz, Viktor"]
[Black "Howell, Oliver W"]
[Result "1/2-1/2"]
[WhiteElo "1719"]
[BlackElo "1905"]
[PlyCount "162"]
[EventDate "2018.07.28"]
[EventType "swiss"]
[EventRounds "9"]
[EventCountry "ENG"]
[SourceTitle "CBM 185 Extra"]
[Source "ChessBase"]
[SourceDate "2018.07.29"]
[SourceVersion "1"]
[SourceVersionDate "2018.07.29"]
[SourceQuality "1"]

1. e4 e6 2. d4 d5 3. Bd3 c5 4. exd5 exd5 5. Nf3 Nc6 6. 0-0 Nf6 7. Re1+ Be7 8. dxc5 0-0 9. Nc3 Bxc5 10. Bg5 Be6 11. a3 Re8 12. b4 Bb6 13. Qd2 d4 14. Na4 Bc7 15. Nc5 Bd5 16. Rxe8+ Qxe8 17. Bxf6 gxf6 18. Qh6 Bxf3 19. gxf3 Ne5 20. Bxh7+ Kh8 21. Be4+ Kg8 22. Qxf6 Qd8 23. Qxd8+ Rxd8 24. Nxb7 Rd7 25. Nc5 Rd6 26. Kg2 Ng6 27. Rg1 Kf8 28. Kf1 Nf4 29. Ke1 Rh6 30. Rh1 Rh3 31. Kd2 Ke7 32. Nd3 Nxd3 33. Kxd3 Be5 34. Kc4 Kd6 35. a4 Rh8 36. h3 Rc8+ 37. Kb3 Rc3+ 38. Ka2 Ke6 39. Bd3 Bd6 40. Rb1 a5 41. Rb3 Bxb4 42. Rxc3 Bxc3 43. f4 Be1 44. f3 Bd2 45. Bc4+ Kf6 46. f5 Kg7 47. Kb3 f6 48. Bd5 Kh6 49. Kc4 Be3 50. f4 Kh5 51. Bf3+ Kh6 52. Kd5 Kg7 53. Bh5 Kh6 54. Bg6 Kg7 55. h4 Bf2 56. h5 Be3 57. Ke4 Bf2 58. Kf3 Be1 59. Ke2 Bc3 60. Kd3 Kh6 61. Kc4 Kg7 62. Kd5 Kh6 63. Be8 Kg7 64. Bb5 Kh6 65. Be2 Kg7 66. Bd3 Bb2 67. Ke6 Bc1 68. h6+ Kxh6 69. Kxf6 Bxf4 70. Ke7 Bd2 71. f6 Bg5 72. Ke6 Bh4 73. Kf5 Be1 74. Ke5 Bf2 75. Kd5 Be3 76. Kd6 Bg5 77. f7 Kg7 78. Bc4 Kf8 79. Kd5 Be3 80. Kd6 Bf2 81. Kd7 Be3 1/2-1/2